Najpopularniejsze imiona w Brazylii - Statystyki

Ogólne statystyki
  • Ten quiz został rozwiązany 17 razy
  • Średni wynik to 6 z 20
Statystyki odpowiedzi
# Płeć Litera Imię % Poprawnych
11 734 129 K M Maria
94%
5 754 529 M J Jose
81%
3 089 858 K A Ana
50%
935 905 M L Luis
50%
1 219 605 M P Pedro
50%
1 423 262 M P Paulo
44%
2 984 119 M J Joao
38%
2 576 348 M A Antonio
25%
711 338 M D Daniel
25%
1 127 310 M L Lucas
19%
1 106 165 M M Marcos
19%
1 489 191 M C Carlos
13%
1 772 197 M F Francisco
13%
1 107 792 M L Luiz
13%
821 638 M R Rafael
13%
668 217 M B Bruno
6%
632 664 M E Eduardo
6%
725 642 K F Francisca
6%
932 449 M G Gabriel
6%
693 215 M M Marcelo
0%
Nie znaleziono quizów pasujących do podanych kryteriów
Rozkład punktacji
Procent ludzi z każdym wynikiem
Percentyl według liczby udzielonych odpowiedzi
Twoja historia wyników
Nie rozwiązałeś tego quizu